00277nam a2200121Ia 4500008004100000100002000041245003800061260001400099300000800113650001000121942000700131999001700138190216s9999||||xx |||||||||||||| ||und|| aArjundas Kesari 0aHindi-Baba Shyamadas Krith Rampiv bLokaruchi a203 aHindi cBK c16351d16351